東急電鉄の駅 - Statistics

General Stats
  • This quiz has been taken 13 times
  • The average score is 108 of 117
Answer Stats
Answer % Correct
渋谷
100%
代官山
100%
中目黒
100%
祐天寺
100%
学芸大学
100%
都立大学
100%
自由が丘
100%
田園調布
100%
多摩川
100%
新丸子
100%
武蔵小杉
100%
元住吉
100%
日吉
100%
綱島
100%
菊名
100%
妙蓮寺
100%
白楽
100%
東白楽
100%
反町
100%
横浜
100%
目黒
100%
不動前
100%
武蔵小山
100%
西小山
100%
洗足
100%
大岡山
100%
奥沢
100%
池尻大橋
100%
三軒茶屋
100%
駒沢大学
100%
桜新町
100%
用賀
100%
二子玉川
100%
二子新地
100%
高津
100%
溝の口
100%
梶が谷
100%
鷺沼
100%
たまプラーザ
100%
青葉台
100%
南町田グランベリーパーク
100%
中央林間
100%
大井町
100%
中延
100%
旗の台
100%
五反田
100%
大崎広小路
100%
戸越銀座
100%
長原
100%
洗足池
100%
雪が谷大塚
100%
池上
100%
蓮沼
100%
蒲田
100%
下高井戸
100%
大倉山
89%
新綱島
89%
新横浜
89%
宮前平
89%
市が尾
89%
田奈
89%
長津田
89%
下神明
89%
戸越公園
89%
荏原町
89%
北千束
89%
緑が丘
89%
九品仏
89%
尾山台
89%
石川台
89%
御嶽山
89%
下丸子
89%
武蔵新田
89%
こどもの国
89%
上町
89%
宮崎台
78%
あざみ野
78%
藤が丘
78%
すずかけ台
78%
等々力
78%
上野毛
78%
千鳥町
78%
鵜の木
78%
恩田
78%
松陰神社前
78%
世田谷
78%
つくし野
67%
荏原中延
67%
久が原
67%
沼部
67%
矢口渡
67%
若林
67%
山下
67%
松原
67%
江田
56%
つきみ野
56%
西太子堂
44%
宮の坂
44%
No matching quizzes found
Score Distribution
Percent of People with Each Score
Percentile by Number Answered
Your Score History
You have not taken this quiz